Aztecas = Aztecs = Aztèques = Azteken /

La Enciclopedia electrónica mesoamericana se organiza en cuatro volúmenes, divididos cada uno en seis tomos (la Biblioteca del ITESO cuenta sólo con los dos primeros); cada título comprende la explicación de aproximadamente cuarenta piezas relevantes, a manera de una exposición temática montada a pa...

詳細記述

保存先:
書誌詳細
第一著者: Manrique Mendoza, Janeth (coord.)
その他の著者: Herrera Torres, Hugo (investigación) (investigación), Cruz Orea, Ricardo (fotógrafo) (fotógrafo)
フォーマット: 電子媒体
言語:スペイン語
出版事項: México : Fundación Cultural Armella Spitalier, 2005, c2005
シリーズ:(Enciclopedia Electrónica Mesoamericana = Digital Mesoamerican Enciclopedia = Encyclopédie Electronique Mésoamericaine = Elektronischen Mesoamerikanischen Enzyklopäedie)
主題:
タグ: タグ追加
タグなし, このレコードへの初めてのタグを付けませんか!

MARC

LEADER 00000nmm^a2200000^a^4500
001 000192602
005 20250521000000.0
009 20260310102611.654
020 |a 970-94040-7-5 
037 |a Acervo ITESO - Biblioteca 
041 |a ESP 
082 |a 709. 7201  |b ENC V. 9 
100 |a Manrique Mendoza, Janeth  |e (coord.) 
240 1 1 |a [Enciclopedia electrónica mesoamericana] 
245 1 0 |a Aztecas =  |b Aztecs = Aztèques = Azteken /  |c Coord. de J. Manrique Mendoza ; investigación y curaduría de H. Herrera Torres ; fotografía de R. Cruz Orea. 
264 4 |a México :  |b Fundación Cultural Armella Spitalier,  |c 2005, c2005 
300 |a 1 disco compacto de computadora +  |e 1 folleto (10 p.) 
336 |a datos para computadora  |b cod  |2 rdacontenido 
337 |a computadora  |b c  |2 rdamedio 
338 |a disco de computadora  |b cd  |2 rdasoporte 
440 1 |a (Enciclopedia Electrónica Mesoamericana = Digital Mesoamerican Enciclopedia = Encyclopédie Electronique Mésoamericaine = Elektronischen Mesoamerikanischen Enzyklopäedie) 
520 |a La Enciclopedia electrónica mesoamericana se organiza en cuatro volúmenes, divididos cada uno en seis tomos (la Biblioteca del ITESO cuenta sólo con los dos primeros); cada título comprende la explicación de aproximadamente cuarenta piezas relevantes, a manera de una exposición temática montada a partir de la colección de objetos arqueológicos prehispánicos del área de Mesoamérica resguardada por la Fundación Cultural Armella Spitalier. El primer volumen incluye los discos: 1. Documentos en barro; 2. Fragmentos del formativo; 3. La antigua Itzocan: testimonios mesoamericanos; 4. La antigua Itzocan: la caída; 5. Mezcala y granular; 6. Diseño en el arte precolombino; el segundo: 7. Chupícuaro, estilo y tradición; 8. Grandes miniaturas; 9. Aztecas; 10. Iconos olmecas; 11. Diosas y mortales; 12. Barro y canto. 
520 |a En este volumen se revisan las principales características de la civilización mexica a través de su arte, particularmente la cerámica: la ciudad de Tenochtitlan, la y la estructura social de este importante pueblo mesoamericano. Asimismo, se revisan algunos vestigios de esta cultura aún presentes en la vida cotidiana de los habitantes de la capital mexicana. 
546 |a Edición multilingüe 
649 |a XX 
650 |a Aztecas -  |x Historia -  |x Tema Principal 
650 |a Nahuas -  |x Historia 
650 |a Indígenas de México -  |x Historia -  |y Epoca Prehispánica 
650 |a Cerámica Prehispánica -  |x Historia y Crítica 
650 |a Cerámica Mexicana -  |x Historia y Crítica 
650 |a Arte Prehispánico -  |x Historia y Crítica -  |x Tema Principal 
650 |a Arte Mexicano -  |x Historia y Crítica 
650 |a Antropología Cultural -  |z México 
650 |a Sociología de la Cultura 
650 |a México -  |x Historia -  |y Epoca Prehispánica 
700 |a Herrera Torres, Hugo  |e (investigación) 
700 |a Cruz Orea, Ricardo  |e (fotógrafo) 
910 |a Fondo General 
920 |a Electrónicos - Recursos en Disco 
905 |a 207 
901 |a 0500136911  |b IT2  |c SWS  |u 20250521 
901 |a 0500136908  |b IT2  |c SAS  |u 20250521 
902 |a https://opac.biblio.iteso.mx/vufind/Record/000192602